000
00249nam a2200109Ia 4500
008
230724s1999 xx und d
041
_a
eng
100
_a
PROJ. BY DISHA PB.
245
_a
PUNES LIVING ROOMS VOL-1
260
_c
1999
300
_a
100
999
_c
1172787
_d
1172787